000 00700nam a22001577a 4500
003 OSt
005 20200609140930.0
008 150921b xxu||||| |||| 00| 0 eng d
040 _cRUA
082 _aAGR PO 2009 B040 Or.1
_2https://drive.google.com/file/d/1siGklcXNCc4ahkE-gCCTGBnOnZP0fQo8/view?usp=sharing
100 _9997
_aPO, SOVANNARETH.
245 _aMarket chain of rice product in angkor borey district takeo province ខ្សែចង្វាក់ទីផ្សារផលិតផលស្រូវ អង្ករនៅស្រុកអង្គរបូរី ខេត្តតាកែវ
260 _aPhnom Penh
_bRUA
_c2009
300 _avii; 39p.
_bill.
_c29cm.
942 _2ddc
_cAGR
999 _c957
_d957